| Tag |
First Indicator |
Second Indicator |
Subfields |
| LEADER |
00000cam a2200000 4500 |
| 001 |
in00003841069 |
| 005 |
20190415183318.0 |
| 006 |
m o d |
| 007 |
cr |n||||||||n |
| 008 |
890328s1707 enk|||| o 00| ||eng c |
| 035 |
|
|
|a (CU-RivES)N37313
|
| 035 |
|
|
|a (Uk-ES)006029871
|
| 035 |
|
|
|a (OCoLC)508173524
|
| 040 |
|
|
|a CU-RivES
|c CU-RivES
|d CU-RivES
|d Uk-ES
|d CStRLIN
|d CU-RivES
|d Cengage Gale
|d UtOrBLW
|
| 100 |
1 |
|
|a Carroll, William.
|0 http://id.loc.gov/authorities/names/n91102258
|
| 245 |
1 |
2 |
|a A letter to the Reverend Dr. Benjamin Prat, chaplain in Ordinary to His Grace the Duke of Ormond, J.V. Professor, and fellow of Trinity College in Dublin :
|b Wherein, the dangerous errors in a late book, intituled, An essay concerning the use of reason in propositions, the evidence whereof depends upon human testimony: are detected, confuted, and gradually deduc'd from the very basis of all atheism, upon which alone they are bottom'd. By William Caroll.
|
| 264 |
|
1 |
|a London :
|b Printed for Richard Sare, bookseller at Gray's-Inn-Gate; and sold by the booksellers of London and Westminster,
|c 1707.
|
| 300 |
|
|
|a 1 online resource (24 pages)
|
| 336 |
|
|
|a text
|b txt
|2 rdacontent
|
| 337 |
|
|
|a computer
|b c
|2 rdamedia
|
| 338 |
|
|
|a online resource
|b cr
|2 rdacarrier
|
| 500 |
|
|
|a 'An essay concerning the use of reason in propositions', London, 1707, is by Anthony Collins.
|
| 510 |
4 |
|
|a English Short Title Catalog,
|c N37313.
|
| 500 |
|
|
|a Reproduction of original from National Library of Ireland.
|
| 500 |
|
|
|a Electronic resource.
|
| 600 |
1 |
0 |
|a Collins, Anthony,
|d 1676-1729.
|t An essay concerning the use of reason in propositions.
|
| 655 |
|
7 |
|a Electronic books.
|2 local
|
| 710 |
2 |
|
|a Gale (Firm)
|0 http://id.loc.gov/authorities/names/no2008071348
|
| 752 |
|
|
|a Great Britain
|b England
|d London.
|
| 856 |
4 |
0 |
|u http://proxy.library.tamu.edu/login?url=http://find.galegroup.com/ecco/infomark.do?contentSet=ECCOArticles&docType=ECCOArticles&bookId=1453500200&type=getFullCitation&tabID=T001&prodId=ECCO&docLevel=TEXT_GRAPHICS&version=1.0&source=library&userGroupName=txshracd2898
|z Connect to the full text of this electronic book
|t 0
|
| 999 |
f |
f |
|s 954674d4-7b35-3178-bb07-18f26691264f
|i a1711e3c-896e-3f42-bba2-9fdb84d38487
|t 0
|
| 952 |
f |
f |
|a Texas A&M University
|b College Station
|c Electronic Resources
|d Available Online
|t 0
|h No information provided
|
| 998 |
f |
f |
|t 0
|l Available Online
|